[Event "1st FIDE World Cup prel. group A"]
[Site "Shenyang"]
[Date "2000.09.04"]
[Round "4"]
[White "Dreev, Alexei"]
[Black "Alexandrov, Alexei"]
[Result "1/2-1/2"]
[WhiteElo "2676"]
[BlackElo "2591"]
[EventDate "2000.09.01"]
[Annotator "Ribli"]
[PlyCount "296"]

1.d4 Nf6 2.c4 e6 3.Nf3 d5 4.Nc3 Bb4 {Das ist die sogenannte 
Ragozin-Variiante, ein spezielles Hybrid aus Damengambit und der 
Nimzoindischen Verteidigung. Großmeister Aleksandrov spielt gerne diese 
Eröffnung.} 5.Bg5 h6 {Statt dieser Fortsetzung kann Schwarz auch 5...dxc4 
(Wiener Variante) oder 5...Nbd7 spielen.} 6.Bxf6 Qxf6 7.Qb3 c5 {Dieser Zug
ist typisch für die Ragozin Variante - Schwarz strebt sofortiges 
Gegenspiel im Zentrum an.} 8.cxd5 exd5 9.e3 ( 9.a3 ) 9...Nc6 ( 9...O-O ) 
10.Bb5 ( 10.dxc5 d4 11.Bb5 Bxc3+ 12.bxc3 dxe3 13.fxe3 Qe7 14.Bxc6+ bxc6 
15.O-O {1/2-1/2 Gorelov,S-Janjgava,L/Pavlodar 1987/EXT 97 (15)} ) 10...O-O
( 10...Bxc3+ 11.Qxc3 c4 12.b3 Qg6 13.O-O Bh3 14.Ne1 cxb3 15.Qxb3 Bf5 16.
Qxd5 O-O 17.Qb3 Rac8 18.Bd3 {1-0 Kruppa,Y-Lomineishvili,M/Berlin 1995/CBM 
47 ext (70)} ) 11.dxc5 d4 ( 11...Bxc5 $2 12.Nxd5 $16 ) 12.Bxc6 dxc3 13.
Qxb4 cxb2 14.Rb1 {In der Folge gewinnt Weiß den Pb2 - die Frage lautet: 
bekommt Schwarz ausreichend Gegenspiel für den Bauern oder nicht.} 14...
bxc6 15.O-O {Dieser Zug ist die beste Fortsetzung für Weiß - nach 
sofortigem 15.Qxb2 bekommt Schwarz mit 15...Qf5 ausreichendes Spiel .} ( 
15.Qxb2 Qg6 ( 15...Qf5 16.O-O Qxc5 17.Rfc1 Qd5 18.Nd4 c5 19.Qb5 Bh3 20.
gxh3 Qg5+ 21.Kf1 cxd4 22.Qxg5 hxg5 23.exd4 {1/2-1/2 
Doroshkievich,V-Zilberstein,V/USSR 1972/Inf 13 (48)} ) 16.O-O Bh3 17.Nh4 
Qh5 ( 17...Qg5 18.Qb4 Rab8 ( 18...Rad8 $44 ) 19.Qf4 Qxf4 20.exf4 Be6 {
1/2-1/2 Jusiak,G-Rotstein,A/Naleczow 1989/EXT 97 (56)} ) 18.Qb4 Be6 19.Nf3
Bxa2 20.Ra1 a5 21.Qa4 Be6 22.Nd4 Bd5 23.f3 f5 24.Nxc6 Qe8 25.Nxa5 Qxe3+ 
26.Kh1 Qxc5 27.Rfc1 Qb6 28.Rcb1 Qe6 29.Re1 Qb6 30.Reb1 {1/2-1/2 Beliavsky,
A-Tal,M/Moscow 1987/CBM 04 (30)} ) 15...Bh3 $5 $146 {Das ist eine 
natürlich vorbereitete Verbesserung des schwarzen Spiels. Die alternative 
Plazierung des Läufers auf a6 ist weniger glücklich.} ( 15...Ba6 16.Rfe1 
Rab8 17.Qa3 Bc4 18.Nd4 Rfe8 $1 19.f3 Qg5 20.Nxc6 Rbc8 $6 ( 20...Rb5 21.Nd4
Rxc5 22.Rxb2 Ra5 23.Qc3 Rxa2 24.Rxa2 Bxa2 25.Ra1 Be6 $1 ) 21.f4 $1 Qd5 22.
Ne5 Qxc5 23.Qxc5 Rxc5 24.Rxb2 {1-0 Seirawan,Y-Polgar,J/Amsterdam 1995/Inf 
64/[Seirawan,Y] (62)} ) 16.Rxb2 {Wenn die Dame auf b2 nähme, wäre das ein 
Übergang in die Variante mit 15.Qxb2.} ( 16.Qxb2 Qg6 17.Nh4 Qh5 $11 ) 
16...Rad8 $14 {Weiß hat einen Bauern mehr, aber dank des aktiveren 
Figurenspiels hat Schwarz etwas Kompensation. Ich bin aber nicht davon 
überzeugt, ob das auch ausreichend ist. Andererseits ist die Verwertung 
des Materialvorteils - Bauernmehrheit am Königsflügel - prinzipiell nicht 
leicht.} 17.Nd4 Qg5 $1 {Mit dieser Fortsetzung provoziert Schwarz den Zug 
18.f4 - 18.f3 scheitert an 18.Dxe3+.} ( 17...Qg6 18.f3 $16 ) 18.f4 Qg6 19.
f5 Qg5 20.Rf3 $16 {[%csl Rh3] Der Bh3 steht schlecht.} ( 20.Nxc6 Rc8 21.
Qb7 ( 21.Nxa7 Qxe3+ 22.Kh1 Ra8 $13 ) 21...Rce8 22.f6 $5 ( 22.Kh1 $6 Bxf5 
$132 ) 22...gxf6 23.Kh1 Be6 $13 ) 20...Bg4 21.Rg3 h5 ( 21...a5 22.Qc3 $18 
) 22.h3 $18 {Weiß hat nicht nur einen Bauern mehr, sondern gewinnt die 
Figur auf g4.} 22...Rfe8 ( 22...Qh4 23.Qe1 Rfe8 24.Qf2 $18 ) 23.Qc3 ( 23.
hxg4 hxg4 ( 23...Rxe3 24.Qd2 $18 {[%cal Gd2g5]} ) 24.Qc3 ) 23...Re4 24.
hxg4 hxg4 {Weiß hat eine ganze Figur mehr - unglaublich, dass ein so guter
Spieler wie Dreev diese Partie nicht gewinnen konnte.} 25.Rb4 ( 25.Rb7 $18
) 25...Rd5 26.Qd3 ( 26.Rb8+ Kh7 27.Qd3 Ree5 28.f6+ g6 29.Rb7 Kg8 30.Rxa7 
$18 ) 26...Re8 27.Qe2 {[%cal Re2g4]} 27...Re4 28.Qd3 Re8 29.Rb1 ( 29.Rc4 
$18 ) 29...Qh4 ( 29...Rxc5 30.Qa3 $18 ) 30.Kf2 Rxc5 31.Qd1 ( 31.Rb7 $18 ) 
31...Re4 32.Rb8+ Kh7 33.Rb3 $2 ( 33.Qb3 Rd5 ( 33...Qf6 34.Qb1 $18 {[%cal 
Rb1e4, Rb1h1,Rh1h7]} ) 34.Rc8 $18 {[%cal Rb3b8,Rb8h8,Rh8h7]} ) 33...Rce5 
34.Qc2 {[%cal Gc2h7]} ( 34.Rc3 c5 35.Ne2 Rxf5+ 36.Kg1 $16 ( 36.Nf4 $2 g5 
$19 ) ) 34...c5 35.Ne2 Rxf5+ $16 {Schwarz hat jetzt schon zwei Bauern für 
die Figur, daher ist der Gewinn für Weiß gar nicht mehr so leicht. 
Dennoch, die Mehrfigur muss früher oder später zum Tragen kommen.} 36.Kg1 
Rfe5 37.Rc3 g6 38.Rc4 ( 38.Rxc5 Rxe3 39.Rxe3 Rxe3 40.Qd2 Qe7 41.Rc2 $16 ) 
38...Qe7 ( 38...Rxe3 39.Rcxg4 $16 ) 39.Rxg4 Rxe3 40.Nf4 $14 {Angesichts 
des guten schwarzen Figurenspiels und der Schwächung der weißen 
Königsstellung ist die Verwertung des weißen Materialvorteils gar nicht 
leicht, wenn überhaupt noch möglich.} 40...Qd6 41.Kf2 ( 41.Rh4+ Kg8 42.Kh2
) 41...Qf6 {[%cal Gf6f2]} 42.Kg1 Qd6 43.Rh4+ Kg8 44.Kh2 a6 45.Ra4 {Ein auf
den ersten Blick gut aussehender Zug - Weiß verteidigt für alle Fälle den 
Pa2 und möchte den schwarzen a-Bauern angreifen.} ( 45.Rh6 Re2 $1 46.Qd3 
Qxd3 47.Nxd3 Rg5 48.Nf4 Rxa2 $11 ) 45...Kf8 $2 ( 45...Re2 46.Qd3 $18 ) ( 
45...g5 $1 $13 {[%cal Gd6h2,Rg5f4,Rg5h4]} ) 46.Qc4 {[%csl Ra6]} 46...R3e4 
47.Qxa6 Qxa6 48.Rxa6 $16 {Jetzt hat Schwarz wiederum nur einen Bauern für 
die Figur.} 48...c4 ( 48...g5 49.Ra8+ Ke7 ( 49...Kg7 50.Nh5+ $18 ) 50.Nd5+
$18 ) 49.Rc6 Kg8 ( 49...g5 50.Rc8+ $18 ) 50.a4 Re8 $1 {[%cal Ge8a8,Ga8a4] 
Schwarz verteidigt seine Grundlinie. Jetzt droht schon 51...g5, denn Weiß 
hat nicht mehr den Zwischenzug Rc8+.} 51.Kg3 Rd4 ( 51...Ra8 52.Nxg6 $18 ) 
( 51...g5 52.Rg4 Rxf4 53.Rxg5+ $18 ) 52.Nh3 {Weiß hat nichts anderes - er 
muss den Springer auf h3 plazieren, sonst kommt er nicht zum Abtausch des 
Turms auf d4.} ( 52.a5 $2 g5 53.Rg4 Re3+ 54.Kf2 Rxf4+ 55.Rxf4 gxf4 56.Rxc4
Ra3 $11 ) 52...Rxh4 53.Kxh4 Re4+ 54.Kg3 c3 $1 55.Rxc3 Rxa4 56.Ng5 {Das 
Material ist weitgehend reduziert, aber Weiß hat noch einige 
Gewinnchancen. Bei guter Verteidigung jedoch sollte Schwarz - wie in 
unserer Partie - das Remis halten.} 56...Ra5 57.Ne4 Ra4 58.Nf6+ Kg7 59.Rc6
Ra3+ ( 59...g5 {Dieser Zug wäre prinzipiell nicht logisch, denn die Bauern
sind auf der sechsten und siebten Reihe besser zu verteidigen.} ) 60.Kh4 
Ra4+ 61.Kh3 Ra3+ 62.Kh2 Ra7 63.Rd6 Ra4 64.Rb6 {Weiß hat keinen konkreten 
Gewinnplan - mit vielen Wartezügen ung Zugwiederholungen führt er einen 
psychologischen Kampf.} 64...Rf4 65.Nd5 Rd4 66.Rb5 Rd3 67.Nf4 Ra3 68.Rb6 
Ra4 69.Kg3 Ra3+ 70.Kg4 {Weiß scheint eine Entscheidung getroffen zu haben 
und seinen König aktivieren zu wollen.} 70...Kh6 71.Rf6 Kg7 72.Rd6 Kh6 73.
Nd3 {[%cal Rd3e5,Re5f7]} 73...Ra5 {[%cal Ga5h5] Schwarz verteidigt sich 
gegen 74.Ne5.} 74.Kf4 Ra4+ 75.Kf3 Ra5 76.Rf6 Ra3 77.Ke4 Ra4+ 78.Ke3 Kg7 
79.Rd6 Ra2 {Das ist praktisch dieselbe Stellung wie nach dem 56. Zug.} 80.
g3 {Der erste Schritt ist gemacht - der Bauer steht schon der 3. Reihe.} 
80...Ra5 81.Rc6 Rg5 82.Kf3 Rf5+ 83.Nf4 Ra5 84.Rc3 Rb5 85.Ra3 Rc5 {Der Turm
hat die ideale Verteidigungsposition auf der fünften Reihe eingenommen.} 
86.Ke4 Rc4+ 87.Ke5 {Endlich überschreitet Weiß den Rubikon - sein König 
erreicht die fünfte Reihe.} 87...Rc8 88.Nd5 Rc6 89.Ra7 Rc4 90.Ne3 Rc5+ 91.
Nd5 Rc4 92.Ra8 Rc1 93.Ra3 Rc6 94.g4 {Weiß möchte eine Stellung mit Pg5 und
Nf6 herbeiführen, in der sich ihm Mattmöglichkeiten bieten würden.} 94...
Kh6 95.Kf4 Rc4+ 96.Kf3 f5 97.gxf5 gxf5 $11 {Die Stellung ist theoretisch 
Remis, aber Weiß kann die Verwertung seines Materialvorteils bis zum Ende 
probieren.} 98.Ne3 Rb4 {Schwarz muss den Pf5 gar nicht verteidigen, der 
hat gar keine Bedeutung. Das Endspiel mit R + N gegen R ist theoretisch 
Remis, aber Weiß kann - natürlich - noch weiterspielen.} ( 98...Rc5 99.Kf4
) 99.Nxf5+ Kg5 100.Nd6 {Mit R + N gegen R kann man nur spezielle 
Stellungen gewinnen, das Remis ist hier viel einfacher als bei R + B gegen
R.} 100...Kf6 101.Ra5 Ke6 102.Ne4 Rb1 103.Nd2 Rd1 104.Nc4 Rc1 105.Rc5 Rh1 
106.Re5+ Kf6 107.Rb5 Ke6 108.Re5+ Kf6 109.Re4 Kf5 110.Ne3+ Kf6 111.Kf4 {
Endlich bringt Weiß seinen König ins Spiel und versucht, den gegnerischen 
König zurückzudrängen.} 111...Kf7 112.Re5 Re1 113.Ra5 Ke6 114.Ra6+ Kd7 
115.Ke4 Re2 116.Kd4 Rd2+ 117.Ke5 Re2 {Die Verteidigungsmethode ist einfach
- entweder Schach geben oder den Springer fesseln.} 118.Ra3 Rd2 119.Nf5 
Re2+ 120.Kd5 Rd2+ 121.Nd4 Ke7 $1 {Die weiße Drohung war 122.Rb7+. Es ist 
logisch, dass der schwarze König nach e7 geht, denn hier hat er mehr 
Freiheit als z.B. auf c7.} 122.Ke5 Kf7 123.Ra7+ Kg6 124.Ra6+ Kf7 {
Natürlich muss man immer vorsichtig bleiben - nach 126...Kg5?? kommt 
127.Nf3+ mit Gewinn.} 125.Ra1 Kg6 126.Rg1+ Kf7 127.Rf1+ Ke7 128.Kd5 ( 128.
Nf5+ Kd7 ) 128...Rd3 129.Rf2 Rd1 130.Rf3 Rd2 131.Ke5 Rd1 132.Re3 Ra1 133.
Nc6+ ( 133.Kd5+ Kf6 ) ( 133.Kf5+ Kd6 ) 133...Kd7 134.Nb4 Ra5+ 135.Nd5 Ra6 
( 135...Ra1 ) 136.Nf6+ Ke7 137.Kf5+ Kf7 138.Nd5 Rd6 139.Re5 Rd7 140.Nf4 
Rd1 141.Re6 Rf1 142.Re3 Ra1 143.Rd3 Ra5+ 144.Nd5 Ra1 145.Rf3 Re1 146.Rf2 
Ke8 147.Nf6+ Ke7 148.Ne4 Ra1 {Weiß spielte 99.Nxf5, und da in den 
folgenden 50 Zügen kein Bauernzug oder Figurentausch erfolgte, endete die 
Partie mit Remis.} 1/2-1/2

[Event "1st FIDE World Cup prel. group A"]
[Site "Shenyang"]
[Date "2000.09.04"]
[Round "4"]
[White "Milos, Gilberto"]
[Black "Azmaiparashvili, Zurab"]
[Result "1/2-1/2"]
[WhiteElo "2633"]
[BlackElo "2673"]
[EventDate "2000.09.01"]
[PlyCount "26"]

1.e4 e5 2.Nf3 Nc6 3.Bb5 g6 4.O-O Bg7 5.c3 a6 6.Ba4 d6 7.d4 Bd7 8.d5 Nce7 
9.Bxd7+ Qxd7 10.c4 h6 11.Nfd2 f5 12.exf5 gxf5 13.f4 Nf6 1/2-1/2

[Event "1st FIDE World Cup prel. group A"]
[Site "Shenyang"]
[Date "2000.09.05"]
[Round "5"]
[White "Morozevich, Alexander"]
[Black "Milos, Gilberto"]
[Result "0-1"]
[WhiteElo "2756"]
[BlackElo "2633"]
[EventDate "2000.09.01"]
[Annotator "Finkel,A"]
[PlyCount "76"]

1.e4 {Ftacnik.} 1...c5 2.Nf3 Nc6 3.Bb5 e6 4.O-O Nge7 5.Re1 Nd4 6.Nxd4 cxd4
7.d3 ( 7.c3 a6 8.Bf1 Nc6 9.a4 $6 Be7 10.Na3 O-O 11.Nc2 d5 12.e5 f6 $1 $15 
{Szmetan-Milos/Buenos Aires/1996} ) 7...g6 ( 7...a6 8.Ba4 Nc6 9.Nd2 Be7 ( 
9...b5 10.Bb3 g6 $5 11.Nf3 $6 ( 11.f4 Bg7 12.Nf3 O-O 13.Qe2 a5 14.a3 Bb7 
15.Qf2 $13 ) 11...Bg7 12.Bg5 Qc7 13.Rc1 O-O 14.Qd2 a5 $1 15.a4 $2 ( 15.a3 
$142 ) 15...b4 $15 {Glek,I-Milov,V/Biel SKA 1996} ) 10.Qh5 g6 11.Qe2 b5 
12.Bb3 Bb7 13.Nf3 Bf6 14.Bh6 d6 15.Qd2 a5 16.c3 $14 {
Morozevich,A-Milov,V/Tilburg 1994} ) ( 7...Nc6 8.Nd2 Be7 ( 8...a6 9.Bxc6 
dxc6 10.e5 c5 11.Qg4 Bd7 12.Ne4 Bc6 13.Nd6+ Bxd6 14.Qxg7 Kd7 15.exd6 Qg8 
$15 {Peptan,C-Shumiakina,T/EUCup99 (women) 1999} ) 9.e5 O-O 10.Bxc6 dxc6 
11.Qg4 Kh8 12.Ne4 f5 13.exf6 gxf6 14.Qh5 Qe8 $15 {
Belkhodja,S-Vaisser,A/Masters KO 2000} ) 8.Ba4 ( 8.c3 Nc6 9.Bxc6 dxc6 10.
cxd4 Bg7 11.Nd2 Qxd4 12.Nf3 Qb6 13.Qa4 O-O 14.e5 Bd7 15.Bg5 h6 16.Be7 Rfe8
17.Qa3 Qb5 18.Re4 b6 19.Rb4 {1/2-1/2 Brodsky,M-Fominyh,A/ RUS-chT 1997} ) 
8...Bg7 9.Nd2 ( 9.c3 {Ftacnik} 9...O-O 10.Bg5 $14 ) 9...O-O 10.f4 d6 ( 
10...d5 $6 {Ftacnik} 11.e5 $14 ) 11.Nf3 Bd7 12.Bb3 {Nothing promises} ( 
12.Bxd7 Qxd7 13.Bd2 Rac8 {'=' Ftacnik.} 14.Rc1 Rc7 15.c3 dxc3 16.bxc3 f5 
$13 {and black has very comfortable position,but also the move in the game
doesn't bring white the desirable advantage.} ) 12...a5 13.a4 ( 13.a3 {
Ftacnik} 13...Qc7 14.Bd2 $11 ) 13...b5 $5 14.axb5 ( 14.Bd2 b4 ( 14...bxa4 
15.Bxa4 Bxa4 16.Rxa4 Qb6 17.Qa1 Nc6 18.b4 $16 ) 15.Qe2 Rc8 16.Qf2 $14 ) ( 
14.Ng5 {Ftacnik} 14...h6 15.Nf3 b4 $11 ) 14...Bxb5 15.f5 $5 {It's hard to 
come up with something else. '?!' Ftacnik.} ( 15.Ba4 {Ftacnik} 15...Ba6 
16.Qe2 $14 ) 15...gxf5 ( 15...exf5 {Ftacnik} 16.Bg5 Kh8 17.exf5 f6 18.Bd2 
Nxf5 19.Be6 Ne3 20.Bxe3 dxe3 21.Rxe3 $11 ) 16.Ng5 ( 16.exf5 {Ftacnik} 
16...Nxf5 17.Ng5 Qf6 18.Ne4 Qg6 $17 ) 16...h6 ( 16...fxe4 $2 {Ftacnik} 17.
Qh5 h6 18.Nxf7 $1 ( 18.Nxe6 $6 fxe6 19.Bxe6+ Kh8 20.Qxb5 e3 $13 ) 18...
Rxf7 19.Bxe6 Be8 20.Rf1 $18 ) 17.exf5 ( 17.Nxf7 {Ftacnik} 17...Kxf7 18.
Qh5+ Kg8 ( 18...Kf6 $2 19.exf5 $18 ) 19.Bxe6+ Kh7 20.exf5 Be8 21.Qh3 Nc6 
$15 ) 17...Nxf5 ( 17...hxg5 $2 {Ftacnik} 18.Bxg5 Re8 19.Qh5 $40 ) 18.Nxf7 
$1 {The point of 15th move of white.} ( 18.Nh3 a4 19.Ba2 d5 20.Qh5 Qh4 $17
) ( 18.Bxe6 {Ftacnik} 18...fxe6 19.Nxe6 Qb6 20.Nxf8 Rxf8 21.Qg4 Ne3 $15 ) 
( 18.Ne4 {Ftacnik} 18...d5 $17 ) 18...Rxf7 ( 18...Qf6 {Ftacnik} 19.Rxe6 
Qxf7 20.Rf6 Bxf6 21.Bxf7+ Rxf7 22.Qh5 $14 ) 19.Bxe6 Qf6 {'!' Ftacnik.} ( 
19...Be8 {Ftacnik} 20.Qg4 Ne3 21.Bxe3 dxe3 22.Rxe3 Qb6 23.Re1 Qxb2 24.Bd5 
Qd4 25.Qxd4 Bxd4 26.Bxa8 $14 ) 20.Qf3 ( 20.Qh5 {Ftacnik} 20...Ra7 21.Bd2 
a4 $15 ) 20...Ra7 21.Bxf7+ ( 21.Bd2 {Ftacnik} 21...a4 22.Qd5 Bd7 23.Bxf7+ 
Qxf7 24.Qxf7+ Kxf7 $15 ) 21...Qxf7 22.Rf1 ( {Deserved attention} 22.b3 $5 
{leaving black pawn on a5.} ) 22...Bd7 23.Bd2 ( {Sooner or later white has
to change the queens.It was a right moment now.} 23.g4 Qg6 24.Qe4 Nh4 25.
Qxg6 Nxg6 26.h3 {'=' Ftacnik.} 26...a4 $13 ) 23...a4 24.c4 ( 24.Ra3 {
Ftacnik} 24...Rc7 25.c4 dxc3 26.bxc3 d5 27.g4 Bf8 28.Raa1 Nd6 $15 ) 24...
Qg6 ( 24...dxc3 {Ftacnik} 25.Bxc3 Bxc3 26.bxc3 a3 27.Rf2 $132 ) 25.Qe4 Kh7
26.b4 $6 ( 26.g4 {Ftacnik} 26...Ne3 $17 ) 26...Bc8 $1 27.h3 ( 27.g4 Re7 
28.Qf3 Ne3 $17 {'-+' Ftacnik.} ) 27...h5 $1 28.Rae1 Rf7 $5 {[%cal 
Gc8b7,Gg7e5,Gg6g3] Now white finds himself under strong attack and the 
material osses are inevitable.} ( 28...Re7 29.Qf4 Rxe1 30.Rxe1 Bh6 31.Qf2 
Be3 32.Bxe3 dxe3 $17 ) 29.Rf2 ( 29.Qe8 {Ftacnik} 29...Nh4 30.Rf2 Rxf2 31.
Qxg6+ Nxg6 32.Kxf2 Ne5 $17 ) 29...Be5 30.Qa8 {'?' Ftacnik.} ( 30.Ref1 $5 {
Ftacnik} 30...a3 ( 30...Bb7 $2 31.Rxf5 $1 Bxe4 32.Rxf7+ $16 ) 31.Bc1 Qg3 
32.Bf4 Bxf4 33.Qxf4 Qxd3 $17 ) 30...Bb7 ( 30...Qg3 $5 {Ftacnik} 31.Rxe5 
dxe5 32.Qxc8 ( 32.Qxa4 Qxd3 $19 ) 32...Qxf2+ 33.Kxf2 Nd6+ $19 ) 31.Qe8 ( 
31.Qxa4 {Ftacnik} 31...Bg3 32.Ree2 Bxf2+ 33.Rxf2 Ng7 34.Re2 Qxd3 $19 ) 
31...Bg3 $19 32.Ref1 Bxf2+ 33.Rxf2 Rg7 34.Qxg6+ Kxg6 35.Bf4 h4 36.b5 Kf6 
37.Kh2 Ke6 38.Re2+ Kd7 0-1

[Event "1st FIDE World Cup prel. group A"]
[Site "Shenyang"]
[Date "2000.09.05"]
[Round "5"]
[White "Alexandrov, Alexei"]
[Black "Gulko, Boris"]
[Result "1/2-1/2"]
[WhiteElo "2591"]
[BlackElo "2643"]
[EventDate "2000.09.01"]
[PlyCount "139"]

1.d4 e6 2.c4 Bb4+ 3.Nc3 f5 4.e3 Nf6 5.Ne2 b6 6.a3 Bd6 7.g3 Bb7 8.d5 Na6 9.
Bg2 Nc5 10.O-O O-O 11.b4 Nce4 12.Nxe4 Nxe4 13.Bb2 Qe7 14.Qd3 exd5 15.cxd5 
a5 16.b5 Rae8 17.Rad1 Bc5 18.a4 Qf7 19.Nc3 Qg6 20.Rfe1 Re7 21.Re2 Rfe8 22.
Nxe4 fxe4 23.Qb3 Qf7 24.Rc2 d6 25.Rdd2 Bc8 26.Rc4 Bg4 27.h4 h6 28.Qc2 Bf3 
29.Bxf3 Qxf3 30.Qd1 Qf5 31.Kg2 Rf7 32.Qe2 Ref8 33.Qd1 h5 34.Rcc2 Qg6 35.
Bd4 Bb4 36.Bc3 Bc5 37.Bd4 Rf3 38.Bxc5 bxc5 39.b6 cxb6 40.Qb1 Rb8 41.Rc4 
Rff8 42.Qxe4 Qxe4+ 43.Rxe4 b5 44.axb5 Rxb5 45.Ra4 Kf7 46.Rda2 Ra8 47.R2a3 
Kf6 48.f4 Ra7 49.Kf3 g6 50.g4 hxg4+ 51.Kxg4 Re7 52.Kf3 Ra7 53.e4 Ra8 54.
Kg4 Ra7 55.Ra2 Ra8 56.R4a3 Ra7 57.Ra4 Ra8 58.R2a3 Ra7 59.Kf3 Ra8 60.Ke3 
Ra7 61.Kd3 Ra8 62.Kc4 Rb4+ 63.Rxb4 cxb4 64.Re3 Rc8+ 65.Kb3 Rc1 66.e5+ Ke7 
67.Rg3 Rd1 68.Kc4 Rc1+ 69.Kb3 Rd1 70.Kc4 1/2-1/2

[Event "1st FIDE World Cup prel. group A"]
[Site "Shenyang"]
[Date "2000.09.05"]
[Round "5"]
[White "Azmaiparashvili, Zurab"]
[Black "Dreev, Alexei"]
[Result "1/2-1/2"]
[WhiteElo "2673"]
[BlackElo "2676"]
[EventDate "2000.09.01"]
[PlyCount "24"]

1.d4 d5 2.c4 c6 3.cxd5 cxd5 4.Nc3 Nf6 5.Bf4 Nc6 6.e3 a6 7.Bd3 Bg4 8.Nge2 
e6 9.Qb3 Na5 10.Qa4+ Nc6 11.Qb3 Na5 12.Qa4+ Nc6 1/2-1/2